000 00671nam a2200241 a 4500
001 0001-1123
003 ELIB.Books
008 150430 2010 eng
020 _a0135277884
035 _a(ELIB.Books)0001-1278
092 _a371.9
_bHou
100 _aHouck, Cherry K.
245 _aLearning Disabilities
_bUnderstanding Concepts, Characterisstics, and Issues
260 _aEnglewood Cliffs.
_bPrentice-Hall, Inc
_c1984
300 _a433
_c23.5 Cm
500 _aC/o Moe Elta
650 _aHandicapped Children
856 _nKBTS: Library
_uKBTS: Elib
942 _2ddc
_cBK
990 _a1
998 _cbat
_e2015-04-30
999 _c11123
_d11123